|
|
|
|
| LEADER |
00000nam0a2200000 4500 |
| 001 |
340493 |
| 005 |
20231102005238.0 |
| 035 |
|
|
|a (RuTPU)RU\TPU\book\367394
|
| 090 |
|
|
|a 340493
|
| 100 |
|
|
|a 20180330d1955 k y0gery50 ba
|
| 101 |
0 |
|
|a ger
|
| 102 |
|
|
|a DE
|
| 105 |
|
|
|a a z 001zy
|
| 200 |
1 |
|
|a Leichtmetallanalyse
|f H. Ginsberg
|
| 205 |
|
|
|a 3rd ed.
|
| 210 |
|
|
|a Berlin
|c Walter de Gruyter & CO.
|d 1955
|
| 215 |
|
|
|a 285 p.
|c il.
|
| 320 |
|
|
|a Sachverzeichnis: p. 281-285
|
| 606 |
1 |
|
|a Сплавы
|x Химия
|2 stltpush
|3 (RuTPU)RU\TPU\subj\55934
|9 73887
|
| 610 |
1 |
|
|a легкие металлы
|
| 610 |
1 |
|
|a химический анализ
|
| 610 |
1 |
|
|a спектральный анализ
|
| 610 |
1 |
|
|a измерения
|
| 610 |
1 |
|
|a методы
|
| 610 |
1 |
|
|a измерительные приборы
|
| 610 |
1 |
|
|a алюминий
|
| 610 |
1 |
|
|a бериллий
|
| 610 |
1 |
|
|a магний
|
| 610 |
1 |
|
|a титан
|
| 610 |
1 |
|
|a немецкий язык
|
| 610 |
1 |
|
|a библиотека А. Г. Стромберга
|
| 675 |
|
|
|a 669.018:54
|v 4
|
| 700 |
|
1 |
|a Ginsberg
|b H.
|g Hans
|
| 801 |
|
1 |
|a RU
|b 63413507
|c 20180330
|
| 801 |
|
2 |
|a RU
|b 63413507
|c 20180524
|g RCR
|
| 942 |
|
|
|c BK
|